000
00464nam a2200181Ia 4500
008
090124s9999 xx 000 0 und d
082
_b
6795
_a
1926
100
_a
चोरघडे वामन
245
_a
पाथेय
250
_a
1
260
_c
1946
300
_a
6+154+2
600
_a
चोरघडे वामन
630
_a
पाथेय
700
_a
चोरघडे वामन
730
_a
पाथेय
942
_c
BOOK
999
_c
120736
_d
120736